| 000 | 00640cam a2200181 a 4500 | ||
|---|---|---|---|
| 005 | 20250901165535.0 | ||
| 008 | 940830s1995 nyu b 001 0 eng | ||
| 010 | _a 94036128 | ||
| 020 | _a0471003956 (alk. paper) | ||
| 020 | _a0471003999 (pbk. : alk. paper) | ||
| 050 | 0 | 0 |
_aBF637.V47 .E4337 1995 _bE4337 1995 |
| 082 | 0 | 0 |
_a153.6 _220 |
| 100 | 1 | _aElgin, Suzette Haden. | |
| 245 | 1 | 0 |
_aYou can't say that to me! : _bstopping the pain of verbal abuse : an 8-step program / _cSuzette Hayden Elgin. |
| 260 |
_aNew York : _bWiley, _cc1995. |
||
| 300 |
_axviii, 206 p. ; _c24 cm. |
||
| 942 |
_2lcc _hBF637.V47 .E4337 1995 |
||
| 999 |
_c5541 _d5541 |
||